000 00685nam a2200253Ia 4500
003 OSt
005 20220918210743.0
006 a|||||r|||| 00| 0
007 ta
008 220917b |||||||| |||| 00| 0 eng d
024 _a121,852
037 _cTextual
040 _aARTS
_cARTS
_beng
041 _2eng
_aeng
082 _aWxK32, N7
100 _aLocke John
_914649
245 0 _aPolitical essays ed by Mark Goldie
260 _aCambridge
_bCUP
_c1997
300 _axl,412p.
_ccm.
490 _aCambridge texts in the history of political thughts
650 _aPOLITICAL SCIENCE
942 _hWxK32, N7
_cTEXL
_2CC
999 _c245051
_d245051